000 01372naa a22003257a 4500
001 BR9211992
003 BR-BrBNA
005 20250721155423.0
007 ta
008 250630b bl.|||m| |||| 00| 0 por d
040 _aBR-BrBNA
_bpor
_cBiblioteca Nacional de Agricultura
041 _a(Pt)
072 _aF30
_b0180
090 _aF30 BR9211992
100 1 _aGazola, R.
100 1 _aFenner, R.
100 1 _aGrando, M.F.
100 1 _aFernandes, M.I.B. de M.
111 1 _a15. Reuniao Nacional de Pesquisa de Trigo
_cPasso Fundo, RS (Brazil)
_d19-23 Sep 1988
245 1 _aEfeito do pre-tratamento com etileno no aumento da capacidade androgenetica do trigo (Triticum aestivum (L.)Thell)
500 _aResultados de pesquisa da Centro Nacional de Pesquisa de Trigo apresentados na 15. Reuniao Nacional de Pesquisa de Trigo Passo Fundo, RS (Brasil): 1988. p. 207-210 [9 ref.] (BR9211992-AMS)
773 0 _tResultados de pesquisa da Centro Nacional de Pesquisa de Trigo apresentados na 15. Reuniao Nacional de Pesquisa de Trigo
_wF30 BR9211992
_gPasso Fundo, RS (Brasil), 1988. p. 207-210
650 _aTRIGO
650 _aCRUZAMENTO VEGETAL
650 _aETILENO
650 _aMATURACAO
490 _aDocumentos - Centro Nacional de Pesquisa de Trigo (Brazil)
_vno. 12
_xISSN 0101-6644
942 _cAMS
_2AGRIS
909 _a202506
_bLúcia
_c55
_dLúcia Elande
999 _c336399
_d336399